000 00398nam a22001217a 4500
082 _a200 THE
100 _aMuhammad Bilal Hassan
_915715
245 _aTH-SOF-1427-Cost Effective Weight based Service Broker for Data Center Selection in Cloud Computing
260 _aIslamabad
_bNUST College of EME
_c2016
650 _aMS-CSE-12 MSTHESIS
700 _a Supervisor Dr. Shoab Ahmad Khan
942 _cCF
999 _c577290
_d577290